header

The beginnings of medieval romance (Record no. 25036)

MARC details
000 -LEADER
fixed length control field 01376nam a22003254a 4500
082 04 - DEWEY DECIMAL CLASSIFICATION NUMBER
Classification number 809.3/02
100 1# - MAIN ENTRY--AUTHOR NAME
Personal name Green, D. H.
245 14 - TITLE STATEMENT
Title The beginnings of medieval romance
260 ## - PUBLICATION, DISTRIBUTION, ETC. (IMPRINT)
Place of publication Cambridge, UK ;
-- New York :
Name of publisher Cambridge University Press,
Year of publication 2002.
300 ## - PHYSICAL DESCRIPTION
Number of Pages xiii, 292 p. :
Other physical details ill.
490 1# - SERIES STATEMENT
Series statement Cambridge studies in medieval literature ;
650 #0 - SUBJECT ADDED ENTRY--TOPICAL TERM
Topical Term Romances
Topical Term Literature, Medieval
856 40 - ELECTRONIC LOCATION AND ACCESS
Uniform Resource Identifier http://site.ebrary.com/lib/rucke/Doc?id=10021412

No items available.

© 2026 Rongo University
Contact us: librarian | system librarian | Rongo university